Statistics for Every coin minted in American History

Click here to take the quiz!

General Stats

  • This quiz has been taken 69 times
  • The average score is 43 of 70

Answer Stats

Years of MintageAnswer% Correct
1883-1913Liberty Head
98%
1909-1958Wheat Ears
95%
1943Steel "War" Wheat
93%
1959-2008Lincoln Memorial
91%
2010-presentShield Back
91%
2009Lincoln Commemoratives
88%
1971-2002Clad Kennedy
86%
1965-1970Clad Silver Kennedy
86%
1971-1978Eisenhower
86%
1965-1998Clad Washington
84%
1938-2004Jefferson
84%
1965-presentClad Roosevelt
80%
1946-1964Silver Roosevelt
80%
1913-1938Buffalo
79%
1859-1909Indian Head
79%
1948-1963Franklin
77%
2000-presentSacagawea
73%
1999-2008States
73%
1979-1999Susan B. Anthony
73%
1916-1945Mercury
71%
1976Bicentennial
70%
1976Bicentennial
70%
1878-1921Morgan
66%
1932-1964Silver Washington
66%
1892-1915Barber
64%
1892-1916Barber
64%
1892-1916Barber
64%
1856-1858Flying Eagle
64%
2007-2016Presidential
64%
1942-1945Silver "War"
63%
1916-1930Standing Liberty
63%
1916-1947Walking Liberty
63%
1866-1883Shield Back
61%
1921-1935Peace
59%
1839-1891Seated Liberty
59%
1837-1873Seated Liberty
59%
1840-1873Seated Liberty
59%
1838-1891Seated Liberty
59%
1837-1891Seated Liberty
59%
1865-1889Nickel 3 Cent
57%
1851-1873Silver 3 Cent
57%
1964Silver Kennedy
57%
1864-18732 Cent Piece
54%
1793Flowing Hair
52%
1807-1839Capped Bust
50%
1809-1837Capped Bust
50%
1815-1838Capped Bust
50%
1829-1837Capped Bust
50%
1793-1797Capped Liberty
50%
1793-1796Capped Liberty
50%
1794-1795Flowing Hair
50%
1794-1795Flowing Hair
50%
2010-presentNational Monuments
50%
1816-1839Matron Head
48%
1873-1885Trade
48%
1796-1807Draped Bust
46%
1796-1807Draped Bust
46%
1796-1807Draped Bust
46%
1796-1807Draped Bust
46%
1800-1808Draped Bust
46%
1795-1804Draped Bust
46%
1796-1805Draped Bust
46%
1875-187820 Cent Piece
39%
1839-1857Braided Head
36%
1840-1857Braided Head
36%
1808-1814Classic Head
32%
1809-1836Classic Head
32%
1794-1795Flowing Hair
30%
1836-1839Gobrecht
23%
2005-presentJefferson modified
14%

Score Distribution

Percentile by Number Answered

Percent of People with Each Score

Your Score History

You have not taken this quiz